| 000 | 00736nam a2200205 a 4500 | ||
|---|---|---|---|
| 005 | 20210219151052.0 | ||
| 008 | 991125 bue 000 0 spa u | ||
| 035 | _aUPN01000026860 | ||
| 049 | _aCG | ||
| 050 | 4 |
_aLE721 B79 _bV5.4 |
|
| 245 | 0 | 0 |
_aGuía del estudiante 1967-68 / _cUniversidad de Buenos Aires, Departamento de Pedagogía Universitaria |
| 260 |
_aBuenos Aires : _bEUDEBA |
||
| 300 | _a111 p. | ||
| 500 | _aTítulo en la portada: Carreras de la Universidad de BuenosAires | ||
| 610 | 2 | 4 |
_aUNIVERSIDAD DE BUENOS AIRES- _xREQUISITOS DE ADMISION |
| 650 | 4 |
_aORIENTACION VOCACIONAL- _zARGENTINA |
|
| 710 | 2 |
_aUniversidad de Buenos Aires. _bDepartamento de Pedagogía Universitaria |
|
| 904 |
_aAC _b026861 |
||
| 905 | _aLibro | ||
| 999 |
_c26860 _d26860 |
||